000 00802nam a22002177a 4500
010 _a080774
035 _a080774
037 _bCen Lib / Ret
040 _aDPL
_bEn
082 _a030
_bSTO
245 _aThe book of knowledge :
_ba pictorial treasury of reading and reference for young and old : arranged alphabetically with over 7000 pictures and diagrams including hundreds in colour and gravure /
_cedited by Gordon Stowell [and] J. Edward Mason
260 _aLondon
_bThe Waverley Book Co
270 _aFarringdon Street,
_bLondon
300 _av 5. 531p
_c27cm(Hb)
505 _av 5. Loco - Ore
650 _aReference books.
650 _aEncyclopaedias And Dictionaries.
700 _aStowell, Gordon
700 _aMason, J. Edward
942 _2ddc
_cEN
_h030
_mSTO
999 _c136848
_d136848